Гуцульщина як текст в українській літературі першої третини XX століття (Запис № 461087)

МАРК-запис
000 -Лідер
fixed length control field 03617nam a22002657a 4500
001 - Контрольний номер
control field 216219077
003 - Ідентифікатор контрольного номера
control field UA-OsUOA
005 - Дата та час останнього входження (трансакції)
control field 20210103182533.0
008 - Елементи даних фіксованої довжини – загальна інформація
fixed length control field 200819b un ||||| m||| 00| 0 ukr d
040 ## - Джерело каталогізації
Агенція оригінальної каталогізації UA-OsUOA
Мова каталогізації ukr
Агенція, яка здійснювала перезапис UA-OsUOA
Агенція, яка здійснювала модифікацію UA-OsUOA
041 ## - Код мови
Код мови тексту/ звукової доріжки чи окремого заголовка (П) ukr
080 ## - Індекс Універсальної десяткової класифікації
Індекс Універсальної десяткової класифікації (УДК) (НП) 821.161.2(091)"193"(043.3)
090 ## - Локальний шифр розміщення
Класифікаційний індекс УДК 821.161.2(091)"193"(043.3)
095 ## - Код спеціальності для авторефератів
Код спеціальності 10.01.01
Назва спеціальності українська література
100 ## - Основне введення – ім’я особи
Ім’я особи (НП) Бикова Т. В.
245 ## - Відомості про назву
Назва (НП) Гуцульщина як текст в українській літературі першої третини XX століття
Дані про відповідальність (НП) Бикова Тетяна Валеріївна ; наук. керівник Погребенник Володимир Федорович
260 ## - Публікація, розповсюдження і т.п. (Вихідні дані)
Місце публікації, розповсюдження і т.п. (П) Київ
Дата публікації, розповсюдження і т.п. (П) 2016
300 ## - Фізичний опис
Обсяг 40 с.
502 ## - Примітка про дисертацію
Зв'язок Автореферат дисертації на здобуття наукового ступеня доктора філологічних наук <br/>
Наймення інституції, що представляється Інститут літератури ім. Т. Г. Шевченка
Рік отримання вченого ступеня 2016
520 ## - Резюме і т.п.
Резюме, реферат, анотація, тощо (НП) У дисертації досліджено функціонування художньої парадигми “Гуцульщина як текст” в українській літературі першої третини XX ст. На матеріалі значного текстового масиву вперше комплексно проаналізовано самобутній феномен гуцульського тексту, визначено основні критерії та художні проекції його функціонування в українському літературному континуумі, що засвідчили створення поліаспектного образу Гуцульщини і оновлення інтертекстуальних зв’язків національної літератури. З’ясовано специфіку теоретико-методологічного поняття “край як текст”, його співвідношення із понятійними категоріями “метатекст”, “локальний текст” та “регіональний текст”. Визначено культурологічні коди творів про Гуцульщину перших десятиріч XX ст., виділено і в імагологічній площині охарактеризовано гуцульські тексти та семантичне наповнення окремих ідейно-тематичних проекцій (історіософської, культурологічної та міфофольклорної), які презентують край в українській та європейських літературах. Доведено, що гуцульські тексти вітчизняного письменства першої третини XX ст. збагатили українську літературу естетично рафінованою рецепцією краю, а також посприяли етноконсолідуючим процесам довкола реалізації української національної ідеї та державності.
650 ## - Додаткове предметне введення – тематичний термін
Джерело заголовка чи терміна UDC
Тематичний термін чи географічна назва, як елемент введення (НП) 821.161.2 Українська література
942 ## - Додаткові елементи входу (Коха)
Source of classification or shelving scheme Universal Decimal Classification
Тип елемента Koha Автореферат
955 ## - Код типу видання за змістом
Код типу видання за змістом (НП) Наукові видання

Немає доступних примірників.